Demand for money in Mozambique was there a structural break?

Saved in:
Bibliographic Details
Main Author: Pinón-Farah, Marco
Format: Book
Language:English
Published: Washington IMF 1998
Series:IMF working paper WP/98/157
Subjects:
Tags: Add Tag
No Tags, Be the first to tag this record!

MARC

LEADER 00000nam a2200000 4500
001 c106907
005 20221109071455.1
041 0 |a eng 
044 |a US 
245 1 0 |a Demand for money in Mozambique  |b was there a structural break?  |c Prepared by Marco Pinón-Farah 
264 1 |a Washington  |b IMF  |c 1998 
300 |a 21 s. 
490 1 |a IMF working paper  |v WP/98/157 
830 0 |a IMF working paper  |v WP/98/157 
610 2 0 |a peniaze 
610 2 0 |a dopyt 
610 2 0 |a modely 
610 2 0 |a politika peňažná 
610 2 0 |a hospodárstvo peňažné 
610 2 0 |a Mozambik 
100 1 |a Pinón-Farah, Marco